Представление документа в формате MARC21

Поле Инд. ПП Название Значение
Тип записи a
Библиографический уровень m
001 Контрольный номер RU/IS/BASE/215700548
005 Дата корректировки 20250410163221.2
008 Кодируемые данные 20061101
040 b Код языка каталог. rus
e Правила каталог. PSBO
041 0_ a Код языка текста rus
084 a Индекс другой классификации/Индекс ББК 87.3(4Вел)5-500я44; 87.3(4Вел)5-8Бэкон Ф.я44
090 a Полочн. индекс 87.3(4Вел)5-500я44 испр.
x Авторский знак Б 972
100 1_ a Автор Бэкон Ф.
q Полное имя Бэкон Фрэнсис
245 10 a Заглавие Сочинения
n Номер части/ раздела Т.2
b Продолж. заглавия в 2 т.
c Ответственность составитель, общая редакция, вступительная статья А. Л. Субботина; перевод З. Е. Александровой, А. Н. Гутерман, С. Красильщикова [и др.]; АН СССР. Институт философии
260 a Место издания Москва
b Издательство Мысль
c Дата издания 1972
300 a Объем 582 с.
336 a Термин вида содержания Текст
337 a Термин типа средства непосредственный
440 _0 a Серия Философское наследие
504 a Библиография Примеч.: с. 527-565. - Указ. имен: с. 566-568. - Предм. указ.: с. 569-599
505 0_ a Форматированное содержание Новый Органон
505 0_ a Форматированное содержание Новая Атлантида
505 0_ a Форматированное содержание О мудрости древних
505 0_ a Форматированное содержание О началах и истоках
505 0_ a Форматированное содержание Опыты или наставления нравственные и политические
600 14 a Персоналии Август Октавиан (рим. император)
a Персоналии Агесилай II (спарт. царь)
a Персоналии Александр Македонский
a Персоналии Аристотель
a Персоналии Вергилий Марон Публий
a Персоналии Гальба Сервий Сульпиций
a Персоналии Генрих VII (англ. король)
a Персоналии Гераклит Эфесский
a Персоналии Гильберт Давид
a Персоналии Демокрит
a Персоналии Левкипп
a Персоналии Ливий Тит
a Персоналии Макиавелли Никколо
a Персоналии Парменид
a Персоналии Платон
a Персоналии Плутарх
a Персоналии Помпей Великий Гней Магна
a Персоналии Сенека Луций Анней
a Персоналии Соломон (царь Иудеи)
a Персоналии Тацит
a Персоналии Телезио Бернардино
a Персоналии Тиберий (рим. император)
a Персоналии Цезарь Гай Юлий
a Персоналии Цицерон Марк Туллий
a Персоналии Эпикур
650 04 a Основная рубрика история философии
a Основная рубрика философия
653 0_ a Ключевые слова аксиомы
a Ключевые слова аллегории
a Ключевые слова алхимия
a Ключевые слова Амур
a Ключевые слова Атлантида
a Ключевые слова афоризмы
a Ключевые слова аффекты
a Ключевые слова бедствия
a Ключевые слова брак
a Ключевые слова Великобритания
a Ключевые слова Вселенная
a Ключевые слова гносеология
a Ключевые слова государство
a Ключевые слова движение
a Ключевые слова дух
a Ключевые слова зависть
a Ключевые слова идолы
a Ключевые слова искусство
a Ключевые слова истина
a Ключевые слова история социальной философии
a Ключевые слова Касандра
a Ключевые слова Купидон
a Ключевые слова лицемерие
a Ключевые слова любовь
a Ключевые слова материя
a Ключевые слова месть
a Ключевые слова метафизика
a Ключевые слова мифологические персонажи
a Ключевые слова мифы
a Ключевые слова мораль
a Ключевые слова науки
a Ключевые слова новое время
a Ключевые слова нравственность
a Ключевые слова онтология
a Ключевые слова природа
a Ключевые слова природа человека
a Ключевые слова разум
a Ключевые слова религии
a Ключевые слова смерть
a Ключевые слова социальная философия
a Ключевые слова форма
a Ключевые слова человек
a Ключевые слова школы
700 12 a Автор Субботин А. Л.
e Роль лиц составитель; редактор; автор вступительной статьи
700 1_ a Автор Александрова З. Е.
e Роль лиц переводчик
700 1_ a Автор Гутерман А. Н.
e Роль лиц переводчик
700 1_ a Автор Красильщиков С.
e Роль лиц переводчик
700 1_ a Автор Лагутин Е. С.
e Роль лиц переводчик
700 1_ a Автор Федоров Н. А.
e Роль лиц переводчик
787 18 w Контрольный номер связываемой записи RU/IS/BASE/215783243
900 a Имя электронного ресурса obl_Bacon_Soc2
x Справочная информация Обложка
901 t Тип документа m
952 a Тип литературы для КСУ ВШ НАУ